Top 8 Longest Harry Potter MOVIES. - Statistics

General Stats
  • This quiz has been taken 30 times
  • The average score is 7 of 8
Answer Stats
Duration Answer % Correct
2 h 40 m Chamber of Secrets
92%
2h 37m Goblet of Fire
88%
2h 33m Half-Blood Prince
88%
2h 18m Order of the Phoenix
88%
2h 21m Prisoner of Azkaban
88%
2 h 32 m Sorcerer's Stone
80%
2h 26 m Deathly Hallows:Part 1
76%
2h 10m Deathly Hallows: Part 2
76%
No matching quizzes found
Score Distribution
Percent of People with Each Score
Percentile by Number Answered
Your Score History
You have not taken this quiz